| 000 | 00940cam a2200253 i 4500 | ||
|---|---|---|---|
| 999 |
_c14395 _d14395 |
||
| 003 | OSt | ||
| 005 | 20260224165404.0 | ||
| 008 | 151110s2016 enk b 001 0 eng | ||
| 020 |
_a9781138849471 _qpbk. : alk. paper |
||
| 035 | _a18851625 | ||
| 042 | _apcc | ||
| 082 | 0 | 0 |
_a720.72 _223 |
| 245 | 0 | 0 |
_aResearch methodology in the built environment : _ba selection of case studies / _cEdited by Vian Ahmed, Alex Opoku and Zeeshan Aziz. |
| 300 |
_axx, 288 pages ; _c23 cm |
||
| 504 | _aIncludes bibliographical references and index. | ||
| 650 | 0 |
_aArchitecture _xStudy and teaching. |
|
| 650 | 0 |
_aArchitecture _xResearch _vCase studies. |
|
| 655 | 7 |
_aCase studies. _2lcgft |
|
| 700 | 1 |
_aAhmed, Vian, _eeditor. |
|
| 700 | 1 |
_aOpoku, Alex, _eeditor. |
|
| 700 | 1 |
_aAziz, Zeeshan, _eeditor. |
|
| 776 | 0 | 8 |
_iOnline version: _tResearch methodology in the built environment _dNew York : Routledge, 2016 _z9781315725529 _w(DLC) 2015044926 |
| 942 | _2ddc | ||